Разработка программного обеспечения для моделирования электромеханических и мехатронных систем; Молодежь и современные информационные технологии

Xehetasun bibliografikoak
Parent link:Молодежь и современные информационные технологии.— 2018.— [С. 152-153]
Egile nagusia: Кремлев И. А.
Erakunde egilea: Национальный исследовательский Томский политехнический университет Инженерная школа информационных технологий и робототехники Отделение автоматизации и робототехники (ОАР)
Beste egile batzuk: Леонов С. В. Сергей Владимирович, Гилев В. А.
Gaia:Заглавие с титульного экрана
Hizkuntza:errusiera
Argitaratua: 2018
Saila:Автоматизация и управление в технических системах
Gaiak:
Sarrera elektronikoa:http://earchive.tpu.ru/handle/11683/46573
Formatua: MixedMaterials Baliabide elektronikoa Liburu kapitulua
KOHA link:https://koha.lib.tpu.ru/cgi-bin/koha/opac-detail.pl?biblionumber=626273

MARC

LEADER 00000naa2a2200000 4500
001 626273
005 20231222094701.0
035 |a (RuTPU)RU\TPU\conf\25631 
035 |a RU\TPU\conf\25629 
090 |a 626273 
100 |a 20180226d2018 k y0rusy50 ca 
101 0 |a rus 
102 |a RU 
105 |a y z 101zy 
135 |a drgn ---uucaa 
181 0 |a i  
182 0 |a b 
200 1 |a Разработка программного обеспечения для моделирования электромеханических и мехатронных систем  |f И. А. Кремлев, С. В. Леонов, В. А. Гилев 
203 |a Текст  |c электронный 
225 1 |a Автоматизация и управление в технических системах 
300 |a Заглавие с титульного экрана 
320 |a [Библиогр.: с. 153 (3 назв.)] 
463 0 |0 (RuTPU)RU\TPU\conf\25518  |t Молодежь и современные информационные технологии  |o сборник трудов XV Международной научно-практической конференции студентов, аспирантов и молодых учёных, 04-07 декабря 2017 г., г. Томск  |f Национальный исследовательский Томский политехнический университет, Инженерная школа информационных технологий и робототехники ; под ред. С. С. Михалевич [и др.]  |v [С. 152-153]  |d 2018 
610 1 |a электронный ресурс 
610 1 |a труды учёных ТПУ 
610 1 |a программное обеспечение 
610 1 |a моделирование 
610 1 |a электромеханические системы 
610 1 |a мехатронные системы 
610 1 |a математические модели 
610 1 |a интегральные уравнения 
700 1 |a Кремлев  |b И. А. 
701 1 |a Леонов  |b С. В.  |c специалист в области информатики и вычислительной техники  |c доцент Томского политехнического университета, кандидат технических наук  |f 1976-  |g Сергей Владимирович  |3 (RuTPU)RU\TPU\pers\27766  |9 12827 
701 1 |a Гилев  |b В. А. 
712 0 2 |a Национальный исследовательский Томский политехнический университет  |b Инженерная школа информационных технологий и робототехники  |b Отделение автоматизации и робототехники (ОАР)  |3 (RuTPU)RU\TPU\col\23553 
801 2 |a RU  |b 63413507  |c 20201229  |g RCR 
856 4 |u http://earchive.tpu.ru/handle/11683/46573 
942 |c BK